Todos los países de la península ibérica en 1065 con mapa. - Estadísticas

Estadísticas generales
  • Esta prueba ha sido intentada 87 veces
    62 desde el último reinicio
  • La puntuación promedio es 17 de 23
Respuestas en el mapa
Las respuestas están codificadas por una escala verde-roja en el mapa de la prueba según el % correcto abajo.
 
Estadísticas de respuestas
Tipo Reino / Taifa / Condado % Correcto
Reino Reino de Castilla
100%
Reino Reino de Galicia
96%
Reino Reino de León
96%
Reino Reino de Navarra
96%
Taifa Taifa de Granada
93%
Taifa Taifa de Sevilla
93%
Reino Reino de Aragón
89%
Taifa Taifa de Mallorca
89%
Condado Condado de Barcelona
88%
Taifa Taifa de Toledo
88%
Taifa Taifa de Córdoba
86%
Reino Reino de Francia
84%
Taifa Taifa de Almería
84%
Taifa Taifa de Zaragoza
80%
Taifa Taifa de Murcia
79%
Taifa Taifa de Badajoz
75%
Taifa Taifa de Denia
63%
Condado Condado de Tolosa
61%
Taifa Taifa de Albarracín
57%
Taifa Taifa de Carmona
46%
Taifa Taifa de Alpuente
36%
Taifa Taifa de Morón
34%
Taifa Taifa de Arcos
32%
No se encontraron pruebas coincidentes
Distribución de puntuación
Porcentaje de gente con cada puntuación
Porcentaje por número respondido
Historial de tus puntuaciones
No has intentado esta prueba desde el último reinicio